=LDR 00000nam 2200000 4500 =001 INLIS000000000014831 =005 20130612110118 =008 ***********************************Ind** =035 ##$$0010-061300000014831 =041 ##$$a Ind =082 ##$$a F 813 =090 ##$$a F 813, Les g =100 ##$$a Lestari, V =245 ##$$a Gazebo, V. Lestari =260 ##$$a 2003 $b Jakarta =300 ##$$a 552 hlm, 18 cm =650 ##$$a Fiksi Indonesia =850 ##$$a NBPNMAT